Detalles MARC
| 000 -CABECERA |
| campo de control de longitud fija |
01483nam a22002297a 4500 |
| 003 - IDENTIFICADOR DEL NÚMERO DE CONTROL |
| campo de control |
DO-SdBNP |
| 005 - FECHA Y HORA DE LA ÚLTIMA TRANSACCIÓN |
| campo de control |
20260302100709.0 |
| 008 - DATOS DE LONGITUD FIJA--INFORMACIÓN GENERAL |
| campo de control de longitud fija |
210706b 2018 dr a 00| 0 eng d |
| 020 ## - NÚMERO INTERNACIONAL ESTÁNDAR DEL LIBRO |
| Número Internacional Estándar del Libro |
9789945091038 |
| 040 ## - FUENTE DE LA CATALOGACIÓN |
| Centro catalogador/agencia de origen |
DO-SdBNP |
| Lengua de catalogación |
spa |
| Centro/agencia transcriptor |
BNPHU |
| 082 #4 - NÚMERO DE LA CLASIFICACIÓN DECIMAL DEWEY |
| Número de edición |
A473u |
| Número de clasificación |
337 |
| Número de documento/Ítem |
22 |
| 100 1# - ENTRADA PRINCIPAL--NOMBRE DE PERSONA |
| Nombre de persona |
Álvarez Bogaert, Fernando, |
| Fechas asociadas al nombre |
1941- |
| 9 (RLIN) |
6927 |
| 245 10 - MENCIÓN DE TÍTULO |
| Título |
Una mirada al tiempo / |
| Mención de responsabilidad, etc. |
Fernando Álvarez Bogaert. |
| 260 ## - PUBLICACIÓN, DISTRIBUCIÓN, ETC. |
| Lugar de publicación, distribución, etc. |
Santo Domingo : |
| Nombre del editor, distribuidor, etc. |
Búho, |
| Fecha de publicación, distribución, etc. |
2018. |
| 300 ## - DESCRIPCIÓN FÍSICA |
| Extensión |
137 p. ; |
| Otras características físicas |
il. ; |
| Dimensiones |
23 cm. |
| 500 ## - NOTA GENERAL |
| Nota general |
Incluye datos biográficos del autor en las solapas |
| 505 0# - NOTA DE CONTENIDO CON FORMATO |
| Nota de contenido con formato |
Una mirada al tiempo. Prólogo, 9.-- El enorme potencial de la energía solar, 17.-- Ascenso del populismo en algunas economías desarrolladas, 23.-- El pensamiento creativo: motor de grandes cambios en la sociedad, 29.-- Las perspectivas del petróleo, 35.-- La magia de Singapur, 41.-- El secreto del éxito en Alemania, 47.-- La gran sorpresa de las economías en la Eurozona, 54.-- NAFTA: un panorama incierto, 62.-- Canadá: una nación noble y progresista, 71.-- Educación permanente: un nuevo paradigma, 77.-- La globalización: un fenómeno en transición, 83.-- Europa hoy: cambios políticos y económicos, 95.-- Putin: ¿socialista o zarista?, 104.-- La economía global en 2018: un escenario distinto, 113.-- El yin y yan de las redes sociales, 119. |
| 590 ## - NOTA LOCAL (RLIN) |
| Nota local |
Inventariado, 2021 /LP<br/><br/> |
| 650 #0 - PUNTO DE ACCESO ADICIONAL DE MATERIA--TÉRMINO DE MATERIA |
| Término de materia o nombre geográfico como elemento de entrada |
Relaciones económicas internacionales |
| 9 (RLIN) |
1067 |
| 650 #0 - PUNTO DE ACCESO ADICIONAL DE MATERIA--TÉRMINO DE MATERIA |
| Término de materia o nombre geográfico como elemento de entrada |
Globalización |
| 9 (RLIN) |
1524 |
| 942 ## - ELEMENTOS DE PUNTO DE ACCESO ADICIONAL (KOHA) |
| Fuente del sistema de clasificación o colocación |
Dewey Decimal Classification |
| Tipo de ítem Koha |
Libro |